000 00450nam a2200145Ia 4500
008 100122s9999 xx 000 0 und d
082 _b27279
_a823
100 _aमराठे प्र द
245 _aआणि आकाश पेटले
260 _bसरिता प्रक ाशन
_c1978
300 _a185
630 _aआणि आकाश पेटले
730 _aआणि आकाश पेटले
942 _cBOOK
999 _c413362
_d413359